[Event "CEG Riscle Open"]
[Site "Riscle"]
[Date "2017.08.07"]
[Round "1.1"]
[White "Varas, Manuel"]
[Black "Baudet, Joel"]
[Result "1-0"]
[WhiteElo "1438"]
[BlackElo "1314"]
[PlyCount "145"]
[EventDate "2017.??.??"]
[WhiteTeam "Echiquier de l'Armagnac"]
[BlackTeam "Le Cavalier Fou Melun"]

1. d4 d5 2. c4 c6 3. Nc3 Nf6 4. Qc2 g6 5. Nf3 Bf5 6. Qb3 Qb6 7. Qxb6 axb6 8.
cxd5 Nbd7 9. dxc6 bxc6 10. Bf4 Nd5 11. Bg3 Bg7 12. e3 b5 13. Nd2 Nb4 14. Rc1
Nd3+ 15. Bxd3 Bxd3 16. a3 O-O 17. f3 Rfe8 18. Nce4 Rac8 19. Nf2 Bf5 20. O-O e5
21. e4 Be6 22. dxe5 Nxe5 23. b3 Nd7 24. Rc2 f5 25. Nd3 Bh6 26. Bf4 g5 27. Be3
f4 28. Bd4 Bg7 29. Bxg7 Kxg7 30. Nc5 Nxc5 31. Rxc5 Red8 32. Rd1 Bxb3 33. Rb1
Ba4 34. Nf1 Rd3 35. Rbc1 Rd1 36. Rxg5+ Kf6 37. Rcc5 Bb3 38. Kf2 Bc4 39. Rgf5+
Ke6 40. Rxc4 bxc4 41. Rc5 Rc1 42. g3 Rc2+ 43. Kg1 Kd6 44. Rf5 fxg3 45. Nxg3 Rb8
46. e5+ Ke6 47. f4 Rb1+ 48. Nf1 Rcc1 49. Rf6+ Ke7 50. f5 Rxf1+ 51. Kg2 Rxf5 52.
Rxf5 c3 53. Rf6 Rb6 54. Rf1 c2 55. Rc1 Ke6 56. Kf2 Rb2 57. Ke2 Kxe5 58. Kd2 Kd4
59. Rxc2 Rxc2+ 60. Kxc2 Kc4 61. Kb2 c5 62. h3 h6 63. h4 h5 64. Kc2 Kb5 65. Kc3
Ka4 66. Kc4 Kxa3 67. Kxc5 Kb3 68. Kd5 Kc3 69. Ke5 Kd3 70. Kf5 Ke3 71. Kg5 Kf3
72. Kxh5 Kf4 73. Kg6 1-0

[Event "CEG Riscle Open"]
[Site "Riscle"]
[Date "2017.08.07"]
[Round "1.2"]
[White "Dejean, Sophie"]
[Black "Joly, Mathias"]
[Result "0-1"]
[WhiteElo "1296"]
[BlackElo "1423"]
[PlyCount "92"]
[EventDate "2017.??.??"]
[WhiteTeam "Echiquier Bordelais"]
[BlackTeam "Eauze Culture Loisirs Animations Section Eche"]

1. e4 c5 2. d3 d6 3. Nf3 Nf6 4. Nc3 e6 5. Be2 Nbd7 6. O-O Be7 7. Be3 O-O 8. Qd2
a6 9. Ne1 b5 10. f4 Bb7 11. Nf3 Ng4 12. Ng5 Nxe3 13. Qxe3 h6 14. Nh3 Bf6 15.
Rf2 b4 16. Nd1 Bd4 17. Qg3 Bxf2+ 18. Ndxf2 Qf6 19. Rb1 Qe7 20. Rf1 d5 21. e5
Rac8 22. Ng4 Kh8 23. f5 f6 24. fxe6 Qxe6 25. Nf4 Qe8 26. e6 Nb6 27. Bf3 Rd8 28.
Re1 Rb8 29. e7 Rf7 30. Re6 Bc8 31. Rd6 Bxg4 32. Qxg4 g5 33. Bxd5 Nxd5 34. Rxd5
gxf4 35. Rh5 Rh7 36. Qe6 Qxe7 37. Qxe7 Rxe7 38. Rxh6+ Kg7 39. Rh3 Re2 40. Rf3
Rxc2 41. Rxf4 Re8 42. h4 Rxb2 43. Kh2 Rxa2 44. Kh3 Re3+ 45. Kg4 Rxg2+ 46. Kf5
Re5# 0-1

[Event "CEG Riscle Open"]
[Site "Riscle"]
[Date "2017.08.07"]
[Round "1.3"]
[White "Varas, Leonides"]
[Black "Vachet, Laurent"]
[Result "1-0"]
[WhiteElo "1398"]
[BlackElo "1212"]
[PlyCount "51"]
[EventDate "2017.??.??"]
[WhiteTeam "Echiquier des Papes"]
[BlackTeam "Echecs-Club Ajaccien"]

1. d4 f5 2. Nc3 Nf6 3. Bg5 h6 4. Bxf6 exf6 5. e3 Bb4 6. Qh5+ Kf8 7. Qxf5 Bxc3+
8. bxc3 d5 9. Qd3 c6 10. Nf3 Qb6 11. Be2 Na6 12. O-O Be6 13. Nh4 Bf7 14. Rfe1
Rc8 15. Ng6+ Bxg6 16. Qxg6 c5 17. Bh5 Qc7 18. Re2 b6 19. Rae1 Ke7 20. Qxg7+ Kd6
21. Qxf6+ Kd7 22. Bg4+ Ke8 23. Qxh8+ Ke7 24. Bxc8 Qb8 25. Qg7+ Kd8 26. Qd7# 1-0

[Event "CEG Riscle Open"]
[Site "Riscle"]
[Date "2017.08.07"]
[Round "1.4"]
[White "Aries, Jean-Paul"]
[Black "Jackson, Sue"]
[Result "1/2-1/2"]
[WhiteElo "1166"]
[BlackElo "1330"]
[PlyCount "102"]
[EventDate "2017.??.??"]
[WhiteTeam "Eauze Culture Loisirs Animations Section Eche"]
[BlackTeam "Gondrin Echecs Loisirs"]

1. e4 c6 2. d4 d5 3. e5 c5 4. c3 Nc6 5. Nf3 Bg4 6. Be2 e6 7. Be3 Qa5 8. Qc2
cxd4 9. Nxd4 Bxe2 10. Nxc6 bxc6 11. Qxe2 Ne7 12. Nd2 Ng6 13. Nf3 Qc7 14. Bd2
Be7 15. O-O Rb8 16. b4 Nh4 17. Nxh4 Bxh4 18. Qh5 Be7 19. Rfe1 h6 20. Qg4 Kf8
21. Re3 Qd8 22. Rg3 Bg5 23. Bxg5 Qxg5 24. Qxg5 hxg5 25. Rxg5 g6 26. a4 Ke7 27.
Rg3 Rh5 28. f4 Rbh8 29. h3 R5h6 30. Rd1 f6 31. c4 fxe5 32. fxe5 Rf8 33. Rf1
Rxf1+ 34. Kxf1 Rh4 35. cxd5 cxd5 36. Rxg6 Kf7 37. Rg4 Rh5 38. b5 Rxe5 39. Rb4
Ke7 40. a5 Kd7 41. Rh4 Rf5+ 42. Kg1 Rf7 43. Rb4 Kd6 44. b6 axb6 45. axb6 Rb7
46. g4 e5 47. g5 Ke6 48. Rb1 d4 49. g6 d3 50. g7 Rxg7+ 51. Kh2 Rb7 {nulle au
90ème coup} 1/2-1/2

[Event "CEG Riscle Open"]
[Site "Riscle"]
[Date "2017.08.07"]
[Round "1.5"]
[White "Gramont, Francois"]
[Black "Fumard, Celestin"]
[Result "1-0"]
[WhiteElo "1319"]
[BlackElo "1010"]
[PlyCount "43"]
[EventDate "2017.??.??"]
[WhiteTeam "Gondrin Echecs Loisirs"]
[BlackTeam "Echiquier Henri IV Pau"]

1. e4 d5 2. exd5 Qxd5 3. Nc3 Qa5 4. d4 Nc6 5. Nf3 Nf6 6. Bd2 Bg4 7. Be2 O-O-O
8. O-O e5 9. Ne4 Qb6 10. Nxf6 gxf6 11. h3 Bxf3 12. Bxf3 Rxd4 13. Qc1 e4 14.
Bg4+ Kb8 15. Be3 Qc5 16. c3 Qe5 17. cxd4 Nxd4 18. Bxd4 Qxd4 19. Rd1 Qxd1+ 20.
Qxd1 Bh6 21. Qd4 Bg7 22. Qxe4 1-0

[Event "CEG Riscle Open"]
[Site "Riscle"]
[Date "2017.08.07"]
[Round "2.1"]
[White "Varas, Leonides"]
[Black "Varas, Manuel"]
[Result "1/2-1/2"]
[WhiteElo "1398"]
[BlackElo "1438"]
[PlyCount "32"]
[EventDate "2017.??.??"]
[WhiteTeam "Echiquier des Papes"]
[BlackTeam "Echiquier de l'Armagnac"]

1. d4 Nf6 2. Nc3 d5 3. e4 dxe4 4. f3 exf3 5. Nxf3 Bg4 6. h3 Bh5 7. g4 Bg6 8.
Ne5 e6 9. Bg2 c6 10. h4 h5 11. Nxg6 fxg6 12. Qd3 Qe7 13. Qxg6+ Qf7 14. Qd3 Qe7
15. Qg6+ Qf7 16. Qd3 Qe7 1/2-1/2

[Event "CEG Riscle Open"]
[Site "Riscle"]
[Date "2017.08.07"]
[Round "2.2"]
[White "Joly, Mathias"]
[Black "Gramont, Francois"]
[Result "1-0"]
[WhiteElo "1423"]
[BlackElo "1319"]
[PlyCount "41"]
[EventDate "2017.??.??"]
[WhiteTeam "Eauze Culture Loisirs Animations Section Eche"]
[BlackTeam "Gondrin Echecs Loisirs"]

1. e4 c5 2. Nf3 d6 3. d4 cxd4 4. Nxd4 Nf6 5. Nc3 a6 6. Bg5 e6 7. f4 Be7 8. Qf3
Qc7 9. O-O-O Nbd7 10. Bd3 b5 11. Rhe1 Bb7 12. Qe2 e5 13. Nf5 Rg8 14. Nxe7 Kxe7
15. Nd5+ Bxd5 16. exd5 Kf8 17. h3 Re8 18. Kb1 e4 19. c4 exd3 20. Qxe8+ Nxe8 21.
Be7# 1-0

[Event "CEG Riscle Open"]
[Site "Riscle"]
[Date "2017.08.07"]
[Round "2.3"]
[White "Jackson, Sue"]
[Black "Baudet, Joel"]
[Result "1-0"]
[WhiteElo "1330"]
[BlackElo "1314"]
[PlyCount "87"]
[EventDate "2017.??.??"]
[WhiteTeam "Gondrin Echecs Loisirs"]
[BlackTeam "Le Cavalier Fou Melun"]

1. d4 e6 2. c4 c6 3. Nc3 d5 4. Nf3 Nf6 5. e3 Bb4 6. Nd2 Qa5 7. Qc2 dxc4 8. Bxc4
b5 9. Bd3 O-O 10. O-O Bd6 11. e4 e5 12. Nf3 Qc7 13. Bg5 Qe7 14. d5 Bb7 15. dxc6
Bxc6 16. Bxb5 a6 17. Bd3 h6 18. Bh4 g5 19. Nxg5 hxg5 20. Bxg5 Nbd7 21. Nd5 Bxd5
22. exd5 Rfc8 23. Qd2 Nc5 24. Bf5 Rc7 25. Qe3 Rb7 26. Rab1 Nxd5 27. Qg3 e4 28.
Bxe7+ Bxg3 29. Bxc5 Be5 30. Bxe4 Rd8 31. b3 Rbd7 32. Bf5 Rc7 33. Ba3 Nc3 34.
Rbe1 f6 35. Bb2 Rd2 36. Bxc3 Rxc3 37. Bb1 Rc6 38. Rd1 Rb2 39. Rd8+ Kf7 40. Rfd1
Kg7 41. R1d7+ Kh6 42. Rh8+ Kg5 43. Rg7+ Kf4 44. Rh4# 1-0

[Event "CEG Riscle Open"]
[Site "Riscle"]
[Date "2017.08.07"]
[Round "2.4"]
[White "Vachet, Laurent"]
[Black "Aries, Jean-Paul"]
[Result "1-0"]
[WhiteElo "1212"]
[BlackElo "1166"]
[PlyCount "26"]
[EventDate "2017.??.??"]
[WhiteTeam "Echecs-Club Ajaccien"]
[BlackTeam "Eauze Culture Loisirs Animations Section Eche"]

1. e4 g6 2. d4 d6 3. Nf3 Bg7 4. Nc3 Nf6 5. Bc4 c6 6. e5 dxe5 7. dxe5 Qxd1+ 8.
Nxd1 Nd5 9. O-O O-O 10. Bg5 Re8 11. Ne3 Nxe3 12. Bxe3 Bf5 13. Ng5 Rf8 {feuille
illisible} 1-0

[Event "CEG Riscle Open"]
[Site "Riscle"]
[Date "2017.08.07"]
[Round "2.5"]
[White "Dejean, Sophie"]
[Black "Fumard, Celestin"]
[Result "0-1"]
[WhiteElo "1296"]
[BlackElo "1010"]
[PlyCount "62"]
[EventDate "2017.??.??"]
[WhiteTeam "Echiquier Bordelais"]
[BlackTeam "Echiquier Henri IV Pau"]

1. e4 d5 2. exd5 Qxd5 3. Nc3 Qa5 4. Nge2 Bf5 5. d3 Nc6 6. g3 Nf6 7. Bg2 O-O-O
8. O-O e5 9. a3 e4 10. d4 Bc5 11. Be3 h5 12. Qe1 Bg4 13. f3 exf3 14. Bxf3 Bxf3
15. Rxf3 Ng4 16. dxc5 Nxe3 17. b4 Qa6 18. Rxe3 Nd4 19. Nxd4 Rxd4 20. Re8+ Rd8
21. Rxh8 Rxh8 22. Qe7 Qc4 23. Qe5 f6 24. Qd5 Qxc3 25. Qe6+ Kb8 26. Rd1 b6 27.
c6 a6 28. Rd8+ Rxd8 29. Qe7 Rd1+ 30. Kg2 Qxc6+ 31. Kh3 g5 0-1

[Event "CEG Riscle Open"]
[Site "Riscle"]
[Date "2017.08.07"]
[Round "3.1"]
[White "Varas, Manuel"]
[Black "Joly, Mathias"]
[Result "0-1"]
[WhiteElo "1438"]
[BlackElo "1423"]
[PlyCount "86"]
[EventDate "2017.??.??"]
[WhiteTeam "Echiquier de l'Armagnac"]
[BlackTeam "Eauze Culture Loisirs Animations Section Eche"]

1. d4 d5 2. c4 e6 3. Nc3 Nf6 4. Bg5 Nc6 5. cxd5 exd5 6. e3 Bf5 7. Qf3 Be6 8.
Bxf6 Qxf6 9. Qxf6 gxf6 10. Bb5 Rg8 11. g3 a6 12. Bxc6+ bxc6 13. Nge2 Rb8 14.
O-O Rxb2 15. Rfb1 Rb6 16. Na4 Rb4 17. Nec3 Rg7 18. a3 Rxb1+ 19. Nxb1 Kd7 20.
Nc5+ Bxc5 21. dxc5 Rg8 22. Nd2 Rb8 23. Rb1 Rb5 24. a4 Rxc5 25. Nb3 Rc4 26. Kg2
Kd6 27. Na5 Rxa4 28. Nb7+ Ke7 29. Nc5 Ra5 30. Nb7 Rb5 31. Rxb5 cxb5 32. Nc5 Bc8
33. Nb3 Kd6 34. Kf3 c5 35. Ke2 Be6 36. Kd2 Kc6 37. Kc1 Kb6 38. Kb2 a5 39. Nd2
a4 40. f3 b4 41. e4 d4 42. e5 fxe5 43. Ne4 c4 0-1

[Event "CEG Riscle Open"]
[Site "Riscle"]
[Date "2017.08.07"]
[Round "3.2"]
[White "Jackson, Sue"]
[Black "Varas, Leonides"]
[Result "1-0"]
[WhiteElo "1330"]
[BlackElo "1398"]
[PlyCount "84"]
[EventDate "2017.??.??"]
[WhiteTeam "Gondrin Echecs Loisirs"]
[BlackTeam "Echiquier des Papes"]

1. d4 d6 2. c4 Nf6 3. Nc3 g6 4. Nf3 c6 5. e3 Bg7 6. h3 Nbd7 7. Be2 c5 8. O-O
O-O 9. b3 h6 10. Bb2 Nh7 11. Rb1 b6 12. dxc5 Nxc5 13. Nd5 Bxb2 14. Rxb2 Bb7 15.
Nc3 Nf6 16. Qc2 a6 17. Rd1 Qc7 18. Nd5 Nxd5 19. cxd5 Rac8 20. Qb1 Nd7 21. e4
Ne5 22. Nd4 Qb8 23. f4 Nd7 24. Bg4 Rfd8 25. Rc2 h5 26. Rxc8 Qxc8 27. Rc1 Qb8
28. Bxd7 Rxd7 29. Nc6 Qe8 30. Qd3 f6 31. Nd4 Kf7 32. Ne6 a5 33. Qf3 Qh8 34. h4
Qh6 35. Rc2 Qh8 36. f5 g5 37. hxg5 fxg5 38. Nxg5+ Ke8 39. Ne6 Qa1+ 40. Kh2 Qe5+
41. Kh3 Qh8 42. Qg3 Qf8 1-0

[Event "CEG Riscle Open"]
[Site "Riscle"]
[Date "2017.08.07"]
[Round "3.3"]
[White "Gramont, Francois"]
[Black "Vachet, Laurent"]
[Result "1-0"]
[WhiteElo "1319"]
[BlackElo "1212"]
[PlyCount "91"]
[EventDate "2017.??.??"]
[WhiteTeam "Gondrin Echecs Loisirs"]
[BlackTeam "Echecs-Club Ajaccien"]

1. e4 c5 2. Nf3 d6 3. d4 cxd4 4. Nxd4 Nf6 5. Nc3 g6 6. Be3 Bg7 7. f3 Nbd7 8.
Bc4 a6 9. Qd2 b5 10. Bd3 b4 11. Nce2 a5 12. Bh6 Bxh6 13. Qxh6 Ba6 14. Qg7 Rf8
15. Qh6 Bxd3 16. cxd3 e5 17. Nc2 Rc8 18. Qd2 d5 19. O-O dxe4 20. dxe4 Nc5 21.
Qe3 Na4 22. Rfd1 Qb6 23. Qxb6 Nxb6 24. Rac1 Na4 25. Rd6 Nd7 26. Ne3 Rxc1+ 27.
Nxc1 Nxb2 28. Ra6 Ke7 29. Nd5+ Ke8 30. Ra8+ Nb8 31. Rxb8+ Kd7 32. Rxf8 a4 33.
Nxb4 Ke7 34. Rb8 Nc4 35. Ra8 Nb2 36. Ncd3 Nd1 37. Rxa4 f5 38. Ra7+ Kd6 39. Rxh7
fxe4 40. fxe4 Ne3 41. a4 Nc4 42. Rg7 Ke6 43. Rxg6+ Kf7 44. Rc6 Na5 45. Rc5 Nb7
46. Rc7+ 1-0

[Event "CEG Riscle Open"]
[Site "Riscle"]
[Date "2017.08.07"]
[Round "3.4"]
[White "Fumard, Celestin"]
[Black "Aries, Jean-Paul"]
[Result "0-1"]
[WhiteElo "1010"]
[BlackElo "1166"]
[PlyCount "92"]
[EventDate "2017.??.??"]
[WhiteTeam "Echiquier Henri IV Pau"]
[BlackTeam "Eauze Culture Loisirs Animations Section Eche"]

1. d4 g6 2. Bg5 Bg7 3. e3 d5 4. Nf3 Nc6 5. Bd3 Nf6 6. Bxf6 Bxf6 7. Nbd2 O-O 8.
O-O Bd7 9. c3 e6 10. Qe2 Re8 11. e4 dxe4 12. Nxe4 Bg7 13. Qe3 e5 14. Nfg5 exd4
15. cxd4 Nxd4 16. Qf4 Re7 17. Nf6+ Bxf6 18. Qxf6 Be6 19. Rad1 Bxa2 20. Bb5 c5
21. b4 b6 22. Bc6 Rc8 23. Nf3 Qc7 24. Nxd4 cxd4 25. Rxd4 Qe5 26. Qh4 Rxc6 27.
Re4 Qxe4 28. Qxe4 Rxe4 29. b5 Rce6 30. f3 Re1 31. g4 Rxf1+ 32. Kxf1 Bc4+ 33.
Kf2 Bxb5 34. f4 a5 35. f5 gxf5 36. gxf5 Rf6 37. Ke1 Rxf5 38. Kd1 Rf2 39. Kc1
Rxh2 40. Kb1 f5 41. Kc1 f4 42. Kd1 f3 43. Ke1 a4 44. Kd1 a3 45. Kc1 a2 46. Kd1
a1=R# 0-1

[Event "CEG Riscle Open"]
[Site "Riscle"]
[Date "2017.08.07"]
[Round "3.5"]
[White "Baudet, Joel"]
[Black "Dejean, Sophie"]
[Result "1-0"]
[WhiteElo "1314"]
[BlackElo "1296"]
[PlyCount "51"]
[EventDate "2017.??.??"]
[WhiteTeam "Le Cavalier Fou Melun"]
[BlackTeam "Echiquier Bordelais"]

1. e4 e5 2. Nf3 Nc6 3. Bc4 Be7 4. O-O d6 5. c3 Bg4 6. b4 Nf6 7. d3 d5 8. exd5
Nxd5 9. Bb2 O-O 10. Nbd2 Nf4 11. Qc2 Qd6 12. Rae1 Rad8 13. d4 exd4 14. cxd4 Bf6
15. Ne4 Qe7 16. Nxf6+ Qxf6 17. d5 Qg6 18. Qxg6 fxg6 19. dxc6+ Kh8 20. Ne5 Bf5
21. Nf7+ Kg8 22. Nxd8+ Kh8 23. Nf7+ Kg8 24. Re7 b6 25. Nh6+ Kh8 26. Bxg7# 1-0

[Event "CEG Riscle Open"]
[Site "Riscle"]
[Date "2017.08.07"]
[Round "4.1"]
[White "Joly, Mathias"]
[Black "Jackson, Sue"]
[Result "0-1"]
[WhiteElo "1423"]
[BlackElo "1330"]
[PlyCount "36"]
[EventDate "2017.??.??"]
[WhiteTeam "Eauze Culture Loisirs Animations Section Eche"]
[BlackTeam "Gondrin Echecs Loisirs"]

1. e4 c6 2. d4 d5 3. exd5 cxd5 4. Bd3 Nf6 5. Nf3 Bg4 6. h3 Bh5 7. O-O Nc6 8. c3
e6 9. Bg5 Be7 10. Nbd2 Qc7 11. Re1 Bg6 12. Qc2 Nh5 13. Bxe7 Bxd3 14. Qxd3 Qxe7
15. Ne5 O-O 16. Rad1 Nf4 17. Qe3 Qg5 18. Nd3 Qxg2# 0-1

[Event "CEG Riscle Open"]
[Site "Riscle"]
[Date "2017.08.07"]
[Round "4.2"]
[White "Varas, Leonides"]
[Black "Gramont, Francois"]
[Result "1/2-1/2"]
[WhiteElo "1398"]
[BlackElo "1319"]
[PlyCount "53"]
[EventDate "2017.??.??"]
[WhiteTeam "Echiquier des Papes"]
[BlackTeam "Gondrin Echecs Loisirs"]

1. d4 d5 2. e4 dxe4 3. Nc3 Nf6 4. f3 exf3 5. Nxf3 e6 6. Bd3 Bb4 7. Bg5 O-O 8.
O-O Be7 9. Qe2 Nc6 10. Rad1 Bd7 11. a3 h6 12. Bxf6 Bxf6 13. Qe4 g6 14. Ne5 Nxe5
15. dxe5 Bc6 16. Qe3 Bg5 17. Qf2 Qe7 18. Be4 Qe8 19. h4 Be7 20. Qf4 Kg7 21. Rf3
f5 22. Bxc6 Qxc6 23. Rfd3 Rad8 24. Kh2 Rxd3 25. Rxd3 Rd8 26. Rxd8 Bxd8 27. Qd4
1/2-1/2

[Event "CEG Riscle Open"]
[Site "Riscle"]
[Date "2017.08.07"]
[Round "4.3"]
[White "Aries, Jean-Paul"]
[Black "Varas, Manuel"]
[Result "1/2-1/2"]
[WhiteElo "1166"]
[BlackElo "1438"]
[PlyCount "62"]
[EventDate "2017.??.??"]
[WhiteTeam "Eauze Culture Loisirs Animations Section Eche"]
[BlackTeam "Echiquier de l'Armagnac"]

1. e4 e6 2. d4 d5 3. e5 c5 4. Nf3 Nc6 5. c3 cxd4 6. cxd4 Qb6 7. b3 Nge7 8. Bb2
Bd7 9. Na3 Nf5 10. Nc2 Bb4+ 11. Nxb4 Qxb4+ 12. Qd2 Qxd2+ 13. Kxd2 O-O 14. Be2
Rfc8 15. Bb5 a6 16. Bxc6 Rxc6 17. Rhc1 Rac8 18. Rxc6 Rxc6 19. Rc1 Rxc1 20. Bxc1
f6 21. g4 Nh6 22. h3 Nf7 23. Bb2 fxe5 24. Nxe5 Nxe5 25. dxe5 Kf7 26. f4 g6 27.
Ke3 Bb5 28. g5 Kg7 29. h4 h6 30. Kd4 b6 31. Ba3 h5 1/2-1/2

[Event "CEG Riscle Open"]
[Site "Riscle"]
[Date "2017.08.07"]
[Round "4.4"]
[White "Baudet, Joel"]
[Black "Fumard, Celestin"]
[Result "1-0"]
[WhiteElo "1314"]
[BlackElo "1010"]
[PlyCount "81"]
[EventDate "2017.??.??"]
[WhiteTeam "Le Cavalier Fou Melun"]
[BlackTeam "Echiquier Henri IV Pau"]

1. f4 d6 2. Nf3 Nc6 3. e3 Nf6 4. d3 e5 5. fxe5 dxe5 6. e4 Bg4 7. Be2 Bxf3 8.
Bxf3 Bc5 9. c3 b5 10. b4 Bb6 11. Qe2 a5 12. a3 axb4 13. Be3 Bxe3 14. Qxe3 bxc3
15. Qc5 Nd4 16. Qxe5+ Kf8 17. O-O c2 18. Qc5+ Ke8 19. Nd2 Nb3 20. Nxb3 Qxd3 21.
Nc1 Qd2 22. Qxb5+ Ke7 23. Qe2 Qd4+ 24. Kh1 Qxa1 25. Qxc2 Rxa3 26. Qxc7+ Nd7 27.
Rd1 Rd8 28. Bg4 Ra7 29. Qf4 f6 30. Qf5 g6 31. Qe6+ Kf8 32. Qd6+ Kg7 33. Qe7+
Kh6 34. Qxd8 Ne5 35. Bf3 Ra8 36. Qxf6 Qa6 37. Qxa6 Rxa6 38. Ne2 Nd3 39. Rxd3
Ra1+ 40. Ng1 Rxg1+ 41. Kxg1 1-0

[Event "CEG Riscle Open"]
[Site "Riscle"]
[Date "2017.08.07"]
[Round "4.5"]
[White "Vachet, Laurent"]
[Black "Dejean, Sophie"]
[Result "1-0"]
[WhiteElo "1212"]
[BlackElo "1296"]
[PlyCount "29"]
[EventDate "2017.??.??"]
[WhiteTeam "Echecs-Club Ajaccien"]
[BlackTeam "Echiquier Bordelais"]

1. e4 e5 2. Nf3 Nc6 3. Nc3 Nf6 4. d4 exd4 5. Nxd4 Bc5 6. Nxc6 bxc6 7. Bd3 O-O
8. O-O Re8 9. Bg5 d6 10. Re1 a5 11. e5 dxe5 12. Rxe5 Rxe5 13. Bxh7+ Kxh7 14.
Qxd8 Rxg5 15. Qxc7 1-0

[Event "CEG Riscle Open"]
[Site "Riscle"]
[Date "2017.08.07"]
[Round "5.1"]
[White "Gramont, Francois"]
[Black "Jackson, Sue"]
[Result "1/2-1/2"]
[WhiteElo "1319"]
[BlackElo "1330"]
[PlyCount "69"]
[EventDate "2017.??.??"]
[WhiteTeam "Gondrin Echecs Loisirs"]
[BlackTeam "Gondrin Echecs Loisirs"]

1. e4 c6 2. d4 d5 3. exd5 cxd5 4. Nf3 Bg4 5. h3 Bh5 6. Be3 Nc6 7. c4 e6 8. a3
Nf6 9. Nbd2 Bg6 10. Rc1 Be7 11. b4 O-O 12. Qb3 dxc4 13. Nxc4 Qd5 14. Qd1 Ne4
15. Be2 Bg5 16. O-O Bxe3 17. Nxe3 Qd8 18. Ng4 Bh5 19. Nge5 Nxe5 20. dxe5 h6 21.
Rc4 Qxd1 22. Rxd1 Ng5 23. Rc3 Nxf3+ 24. Bxf3 Bxf3 25. Rxf3 Rfd8 26. Rfd3 Rxd3
27. Rxd3 Kf8 28. Kf1 Ke7 29. Ke2 Rd8 30. Rxd8 Kxd8 31. Kd3 Kc7 32. Kd4 Kc6 33.
Kc4 b5+ 34. Kd4 a6 35. f4 1/2-1/2

[Event "CEG Riscle Open"]
[Site "Riscle"]
[Date "2017.08.07"]
[Round "5.2"]
[White "Vachet, Laurent"]
[Black "Joly, Mathias"]
[Result "0-1"]
[WhiteElo "1212"]
[BlackElo "1423"]
[PlyCount "138"]
[EventDate "2017.??.??"]
[WhiteTeam "Echecs-Club Ajaccien"]
[BlackTeam "Eauze Culture Loisirs Animations Section Eche"]

1. e4 c5 2. Nf3 d6 3. d4 cxd4 4. Nxd4 Nf6 5. Nc3 a6 6. Be3 e6 7. Qd2 Nbd7 8.
O-O-O b5 9. f4 Bb7 10. Bd3 Nc5 11. e5 dxe5 12. fxe5 Ng4 13. Rde1 Nxe5 14. Rhg1
Nexd3+ 15. cxd3 Be7 16. Rd1 Rc8 17. Kb1 O-O 18. g4 Bf6 19. Nde2 Qd7 20. g5 Be7
21. h4 Bf3 22. Rgf1 Bxe2 23. Qxe2 f6 24. Ne4 f5 25. Nxc5 Bxc5 26. Bxc5 Rxc5 27.
Rfe1 Re8 28. Rc1 Rxc1+ 29. Rxc1 Rc8 30. Rxc8+ Qxc8 31. d4 Kf7 32. b3 Qc7 33.
Qh5+ Kf8 34. Qxh7 Qc3 35. Qh8+ Kf7 36. Qh5+ Kf8 37. Qh8+ Kf7 38. Qh5+ Ke7 39.
Qd1 Qh3 40. Qh5 Qg4 41. Qh8 Qd1+ 42. Kb2 Qxd4+ 43. Kb1 f4 44. h5 Qg1+ 45. Kb2
Qxg5 46. Kc2 Qg2+ 47. Kd1 f3 48. Qa8 Qe2+ 49. Kc1 f2 50. Qa7+ Kf6 51. Qd4+ Kf5
52. Qc5+ Ke4 53. Qc6+ Kf4 54. Qc7+ Kf3 55. Qf7+ Kg2 56. Qxg7+ Kh3 57. Qc3+ Kh2
58. Qc7+ e5 59. Kb1 f1=Q+ 60. Qc1 Qxc1+ 61. Kxc1 Qxh5 62. a4 Qe2 63. axb5 axb5
64. b4 Kg3 65. Kb1 Kf3 66. Ka1 Ke3 67. Kb1 Kd3 68. Ka1 Kc3 69. Kb1 Qb2# 0-1

[Event "CEG Riscle Open"]
[Site "Riscle"]
[Date "2017.08.07"]
[Round "5.3"]
[White "Aries, Jean-Paul"]
[Black "Baudet, Joel"]
[Result "0-1"]
[WhiteElo "1166"]
[BlackElo "1314"]
[PlyCount "54"]
[EventDate "2017.??.??"]
[WhiteTeam "Eauze Culture Loisirs Animations Section Eche"]
[BlackTeam "Le Cavalier Fou Melun"]

1. e4 e6 2. d4 d5 3. e5 c5 4. c3 Qb6 5. Nf3 cxd4 6. cxd4 Nc6 7. b3 Bb4+ 8. Bd2
Nge7 9. Bxb4 Qxb4+ 10. Qd2 Qxd2+ 11. Nbxd2 a6 12. a3 Nf5 13. Bd3 Nfxd4 14. Nxd4
Nxd4 15. O-O O-O 16. f4 Bd7 17. Rab1 Bb5 18. Bxb5 Nxb5 19. a4 Nd4 20. Kf2 Rac8
21. Ke3 Nf5+ 22. Kd3 Rc6 23. Nf3 Rfc8 24. Nd4 Rc3+ 25. Kd2 Nxd4 26. Rfc1 Rxc1
27. Rxc1 Nxb3+ 0-1

[Event "CEG Riscle Open"]
[Site "Riscle"]
[Date "2017.08.07"]
[Round "5.4"]
[White "Fumard, Celestin"]
[Black "Varas, Leonides"]
[Result "0-1"]
[WhiteElo "1010"]
[BlackElo "1398"]
[PlyCount "50"]
[EventDate "2017.??.??"]
[WhiteTeam "Echiquier Henri IV Pau"]
[BlackTeam "Echiquier des Papes"]

1. d4 Nf6 2. e3 d6 3. Bd3 Nbd7 4. Nf3 c5 5. c3 g6 6. Nbd2 Bg7 7. O-O O-O 8. Qe2
Qc7 9. e4 Re8 10. Nc4 b5 11. Na3 a6 12. e5 dxe5 13. dxe5 Nh5 14. e6 Ndf6 15.
Ng5 fxe6 16. Nxe6 Qc6 17. Nf4 Nxf4 18. Bxf4 e5 19. Bxe5 Ng4 20. Be4 Qe6 21.
Bxa8 Bxe5 22. Rad1 Bxh2+ 23. Kh1 Qxe2 24. Rfe1 Qxe1+ 25. Rxe1 Rxe1# 0-1

[Event "CEG Riscle Open"]
[Site "Riscle"]
[Date "2017.08.07"]
[Round "5.5"]
[White "Dejean, Sophie"]
[Black "Varas, Manuel"]
[Result "0-1"]
[WhiteElo "1296"]
[BlackElo "1438"]
[PlyCount "58"]
[EventDate "2017.??.??"]
[WhiteTeam "Echiquier Bordelais"]
[BlackTeam "Echiquier de l'Armagnac"]

1. e4 d6 2. Nf3 g6 3. Bc4 e6 4. Nc3 Bg7 5. O-O Nf6 6. d3 O-O 7. Bg5 Qd7 8. Qd2
Nc6 9. Bh6 a6 10. Bxg7 Kxg7 11. Rfe1 Na5 12. Bb3 Nxb3 13. axb3 e5 14. Nd5 Nxd5
15. exd5 Qe7 16. Ra4 f5 17. Rh4 f4 18. Re4 Bf5 19. Rc4 h6 20. Qc3 Rac8 21. Qe1
Qf7 22. Nxe5 dxe5 23. Qxe5+ Kh7 24. Rhxf4 Rfe8 25. Rxc7 Rxc7 26. Qxe8 Qxe8 27.
h3 Rxc2 28. d6 Qd7 29. Rd4 Rc6 0-1

[Event "CEG Riscle Open"]
[Site "Riscle"]
[Date "2017.08.07"]
[Round "6.1"]
[White "Joly, Mathias"]
[Black "Baudet, Joel"]
[Result "1-0"]
[WhiteElo "1423"]
[BlackElo "1314"]
[PlyCount "51"]
[EventDate "2017.??.??"]
[WhiteTeam "Eauze Culture Loisirs Animations Section Eche"]
[BlackTeam "Le Cavalier Fou Melun"]

1. e4 e6 2. d4 d5 3. exd5 exd5 4. Nf3 Bg4 5. h3 Bh5 6. Be2 Nf6 7. Bg5 Be7 8.
O-O O-O 9. Ne5 Bxe2 10. Qxe2 Re8 11. Qb5 b6 12. Nc3 a6 13. Qd3 c6 14. Rfe1 Nfd7
15. Bxe7 Rxe7 16. Nxd7 Rxe1+ 17. Rxe1 Nxd7 18. Qe3 Nf6 19. Qe7 Qf8 20. Qc7 Qc8
21. Re7 Qxc7 22. Rxc7 Re8 23. Rxc6 Re1+ 24. Kh2 Rc1 25. Rc8+ Ne8 26. Rxe8# 1-0

[Event "CEG Riscle Open"]
[Site "Riscle"]
[Date "2017.08.07"]
[Round "6.2"]
[White "Jackson, Sue"]
[Black "Dejean, Sophie"]
[Result "1-0"]
[WhiteElo "1330"]
[BlackElo "1296"]
[PlyCount "75"]
[EventDate "2017.??.??"]
[WhiteTeam "Gondrin Echecs Loisirs"]
[BlackTeam "Echiquier Bordelais"]

1. d4 d5 2. c4 e6 3. Nc3 Nf6 4. Nf3 Nbd7 5. e3 Be7 6. Bd3 O-O 7. cxd5 exd5 8.
Bd2 b6 9. O-O c5 10. Rc1 Bb7 11. Bb1 Rc8 12. Re1 Bd6 13. e4 dxe4 14. Nxe4 Bxe4
15. Bxe4 Re8 16. Bf5 Rxe1+ 17. Qxe1 Qe8 18. Bg5 Qxe1+ 19. Rxe1 Re8 20. Rxe8+
Nxe8 21. Bxd7 Nc7 22. dxc5 Bxc5 23. Bf4 Nd5 24. Bb8 Nf6 25. Ne5 Bd4 26. b3 a5
27. Bh3 Ne4 28. Nd3 b5 29. Be5 Bxe5 30. Nxe5 b4 31. Nc6 Nc3 32. Nxa5 Nxa2 33.
Kf1 g5 34. Ke2 Nc3+ 35. Kd3 Nd5 36. g3 Kg7 37. Bg2 Kf6 38. Bxd5 1-0